000 00589nam a2200229Ia 4500
003 OSt
005 20220918221248.0
006 a|||||r|||| 00| 0
007 ta
008 220917b |||||||| |||| 00| 0 eng d
024 _a149,057
037 _cTextual
040 _aARTS
_cARTS
_beng
041 _2eng
_aeng
082 _aT0Y1wM68, K7
100 _aDrost Walter H
_9139804
245 0 _aDavid Snedden and education for social efficiency
260 _c1967
650 _aEDUCATION
942 _hT0Y1wM68, K7
_cTEXL
_2CC
999 _c271731
_d271731